000 01230cad a22002655a 4500
001 E151522
008 101115s2010 xxk f 000 0 eng d
020 _a9780755997855
022 1 _a0950-2254
035 _a(Sirsi) u151522
041 0 _aeng
100 1 _aBramley, Glen
245 0 2 _aA study into the capacity of registered social landlords and local authorities to build housing across Scotland
_h[electronic resource]
260 _aEdinburgh
_bScottish Government Social Research
_c2010
520 _aPresents the results of research into the financial capacity of local authorities and Registered Social Landlords (RSLs) to provide new affordable homes. Also looks at good practice in collaboration between RSLs and local authorities, and discusses funding options for new affordable housing in the light of the research.
590 _aKA
651 4 _aScotland
_y1999-
690 _aPROPERTY-RESIDENTIAL PROPERTY-DOMESTIC RESIDENTIAL PROPERTY-HOUSING
700 1 _aPawson, Hal
700 1 _aMorgan, James
700 1 _aWilcox, Steve
700 1 _aWilliams, Peter
856 4 0 _uhttps://www.scotland.gov.uk/Publications/2010/11/11115938/0
_zView the report free of charge at www.scotland.gov.uk
942 _n0
999 _c111419
_d111419